Famous Fives: Country by Category Quiz Stats

Quiz Updated Dec 13, 2015

Challenge
Share
Tweet
Embed
Score 0/50 Timer 07:00
7 Plays Today
% Correct
Peru
92.6%
United States
90.8%
Brazil
90.3%
Portugal
88.8%
Mexico
88.7%
Germany
85.5%
China
85.4%
Syria
83.4%
Haiti
82.5%
Italy
82.4%
Lesotho
81.2%
India
79.4%
Netherlands
78.8%
Saudi Arabia
77.5%
Iceland
74.7%
Denmark
72.6%
Argentina
72.1%
Greece
71.8%
Jordan
68.2%
Qatar
67.5%
Austria
67.3%
Tanzania
65.7%
Oman
65.5%
Hungary
65%
Ireland
63.6%
% Correct
Papua New Guinea
63.2%
UAE
62.6%
Israel
62%
Canada
61%
Pakistan
58.8%
Poland
56.7%
Yemen
56.6%
Thailand
51.4%
South Africa
51.1%
United Kingdom
49.3%
Japan
49.2%
Indonesia
48.2%
Vietnam
45.3%
Switzerland
42.3%
North Korea
41.7%
Colombia
41.3%
Sri Lanka
38.4%
Philippines
34.2%
Russia
32.1%
Guatemala
24.9%
Australia
21.5%
Kyrgyzstan
21%
New Zealand
20.6%
Iraq
14.9%
Sweden
14.8%

You're not logged in!

Compare scores with friends on all Sporcle quizzes.
Sign Up with Email
OR
Log In

You Might Also Like...

Show Comments

Extras

Top Quizzes Today


Score Distribution

Your Account Isn't Verified!

In order to create a playlist on Sporcle, you need to verify the email address you used during registration. Go to your Sporcle Settings to finish the process.